Prostaglandins in clinical medicine : (Record no. 3947)

000 -LEADER
fixed length control field 01402cam a2200313 a 4500
003 - CONTROL NUMBER IDENTIFIER
control field ALUPE UNIVERSITY COLLEGE
005 - DATE AND TIME OF LATEST TRANSACTION
control field 20220222090145.0
008 - FIXED-LENGTH DATA ELEMENTS--GENERAL INFORMATION
fixed length control field 820118s1982 ilua b 101 0 eng
020 ## - INTERNATIONAL STANDARD BOOK NUMBER
International Standard Book Number 0815196091 :
040 ## - CATALOGING SOURCE
Transcribing agency ALUPE UNIVERSITY COLLEGE
050 00 - LIBRARY OF CONGRESS CALL NUMBER
Classification number RC684
Item number P76 1982
060 ## - NATIONAL LIBRARY OF MEDICINE CALL NUMBER
Classification number QU 90 P969 1981
245 00 - TITLE STATEMENT
Title Prostaglandins in clinical medicine :
Remainder of title cardiovascular and thrombotic disorders : proceedings of an international symposium, "Prostaglandins in cardiovascular and thrombotic disorders", Chicago, Illinois, May 7-9, 1981 /
Statement of responsibility, etc. edited by Kenneth K. Wu, Ennio C. Rossi.
260 ## - PUBLICATION, DISTRIBUTION, ETC.
Place of publication, distribution, etc. Chicago :
Name of publisher, distributor, etc. Year Book Medical Publishers,
Date of publication, distribution, etc. c1982.
300 ## - PHYSICAL DESCRIPTION
Extent xvi, 411 p. :
Other physical details ill. ;
Dimensions 24 cm.
504 ## - BIBLIOGRAPHY, ETC. NOTE
Bibliography, etc. note Includes bibliographical references and index.
650 #0 - SUBJECT ADDED ENTRY--TOPICAL TERM
Topical term or geographic name entry element Cardiovascular system
General subdivision Diseases
-- Chemotherapy
-- Congresses.
650 #0 - SUBJECT ADDED ENTRY--TOPICAL TERM
Topical term or geographic name entry element Prostaglandins
General subdivision Therapeutic use
-- Congresses.
650 #0 - SUBJECT ADDED ENTRY--TOPICAL TERM
Topical term or geographic name entry element Thrombolytic therapy
General subdivision Congresses.
650 #2 - SUBJECT ADDED ENTRY--TOPICAL TERM
Topical term or geographic name entry element Prostaglandins
General subdivision Therapeutic use
-- Congresses.
650 #2 - SUBJECT ADDED ENTRY--TOPICAL TERM
Topical term or geographic name entry element Prostaglandins
General subdivision Pharmacodynamics
-- Congresses.
650 #2 - SUBJECT ADDED ENTRY--TOPICAL TERM
Topical term or geographic name entry element Cardiovascular diseases
General subdivision Drug therapy
-- Congresses.
650 #2 - SUBJECT ADDED ENTRY--TOPICAL TERM
Topical term or geographic name entry element Thrombosis
General subdivision Drug therapy
-- Congresses.
650 #2 - SUBJECT ADDED ENTRY--TOPICAL TERM
Topical term or geographic name entry element Lung diseases
General subdivision Drug therapy
-- Congresses.
700 1# - ADDED ENTRY--PERSONAL NAME
Personal name Wu, Kenneth K.
700 1# - ADDED ENTRY--PERSONAL NAME
Personal name Rossi, Ennio Claudio,
Dates associated with a name 1931-
906 ## - LOCAL DATA ELEMENT F, LDF (RLIN)
a 7
b cbc
c orignew
d 1
e ocip
f 19
g y-gencatlg
942 ## - ADDED ENTRY ELEMENTS (KOHA)
Source of classification or shelving scheme
Koha item type Book
Holdings
Withdrawn status Lost status Source of classification or shelving scheme Damaged status Not for loan Permanent Location Current Location Shelving location Date acquired Source of acquisition Total Checkouts Full call number Barcode Date last seen Price effective from Koha item type Public note Copy number
          AU LIBRARY AU LIBRARY Open Shelf 22.02.2022 DONATION FROM MOI UNIVERSITY   RC684 .P76 1982 28005602 22.02.2022 22.02.2022 Book WO  
          AU LIBRARY AU LIBRARY Open Shelf 18.03.2022 DONATION FROM MOI UNIVERSITY   RC684 .P76 1982 C2 28006031 18.03.2022 18.03.2022 Book CM 2

Powered by Koha